[Event "SVK-chT4A21 1415"]
[Site "Slovakia"]
[Date "2014.11.09"]
[Round "3.4"]
[White "Sadlon, Matus"]
[Black "Zajicek, Ferdinand"]
[Result "1-0"]
[WhiteElo "1591"]
[BlackElo "1836"]
[PlyCount "121"]
[EventDate "2014.10.12"]
[EventType "team-tourn"]
[EventRounds "11"]
[EventCountry "SVK"]
[SourceTitle "EXT 2022"]
[Source "ChessBase"]
[SourceDate "2021.10.06"]
[SourceVersion "1"]
[SourceVersionDate "2021.10.06"]
[SourceQuality "1"]
[WhiteTeam "Brezova"]
[BlackTeam "Gbely Nafta II"]
[WhiteTeamCountry "SVK"]
[BlackTeamCountry "SVK"]

1. e4 c5 2. Nf3 Nc6 3. c3 g6 4. Be2 Bg7 5. 0-0 d6 6. d4 cxd4 7. Nxd4 Nf6 8. Nxc6 bxc6 9. f3 0-0 10. Be3 Qc7 11. Nd2 Rb8 12. Nb3 Be6 13. Qc2 Qb7 14. Rfb1 Bxb3 15. axb3 Qxb3 16. Qxb3 Rxb3 17. Rxa7 Rfb8 18. Bc4 Rxc3 19. bxc3 Rxb1+ 20. Kf2 d5 21. Ra8+ Bf8 22. Bh6 Nd7 23. exd5 cxd5 24. Bxd5 Rb8 25. Rxb8 Nxb8 26. Bd2 Nd7 27. Ke2 Nb6 28. Bb3 e6 29. Kd3 Bd6 30. Be3 Nd7 31. h3 Kf8 32. Ba4 Ne5+ 33. Kc2 Ke7 34. Bb5 f6 35. Kb3 g5 36. Ka4 h6 37. Bb6 h5 38. c4 Nd3 39. Bc6 h4 40. Be3 Bf4 41. Bg1 Ne1 42. Bb5 Nxg2 43. c5 Bc7 44. Bf1 Nf4 45. Kb5 Ng6 46. Kc6 Kd8 47. Kb7 Ne5 48. Be2 Nf7 49. Bc4 Ne5 50. Bxe6 Nxf3 51. Be3 Be5 52. c6 Ke7 53. Bd5 Nh2 54. Bb6 f5 55. Bc7 Bxc7 56. Kxc7 f4 57. Kb7 f3 58. c7 f2 59. Bc4 g4 60. hxg4 Nxg4 61. c8Q 1-0

[Event "SVK-chT4A21 1314"]
[Site "Slovakia"]
[Date "2014.02.09"]
[Round "8.5"]
[White "Sobek, Michal"]
[Black "Sadlon, Matus"]
[Result "0-1"]
[WhiteElo "1230"]
[BlackElo "1582"]
[PlyCount "94"]
[EventDate "2013.10.06"]
[EventType "team-tourn"]
[EventRounds "11"]
[EventCountry "SVK"]
[SourceTitle "EXT 2022"]
[Source "ChessBase"]
[SourceDate "2021.10.06"]
[SourceVersion "1"]
[SourceVersionDate "2021.10.06"]
[SourceQuality "1"]
[WhiteTeam "Stefanov"]
[BlackTeam "Brezova"]
[WhiteTeamCountry "SVK"]
[BlackTeamCountry "SVK"]

1. e4 e5 2. Nf3 Nc6 3. Bb5 a6 4. Ba4 Nf6 5. d3 b5 6. Bb3 d6 7. 0-0 Bg4 8. c3 Be7 9. Nbd2 0-0 10. Re1 Na5 11. Bc2 c5 12. Nf1 h6 13. Ng3 Qc7 14. h3 Be6 15. Be3 Rac8 16. Qd2 Kh7 17. Rac1 Bxa2 18. Nf5 Ng8 19. Nh2 Be6 20. Ng4 Bxf5 21. exf5 d5 22. d4 Nc4 23. Qe2 Nxe3 24. Qxe3 Bg5 25. f6+ e4 26. Qe2 Bxc1 27. Rxc1 Nxf6 28. Nxf6+ gxf6 29. f3 f5 30. Rf1 cxd4 31. fxe4 dxc3 32. exd5 Qc5+ 33. Kh1 Rce8 34. Bxf5+ Kh8 35. Qh5 Qd6 36. bxc3 Re5 37. Kg1 Rxd5 38. Kh1 Qf6 39. Qg4 Rg8 40. Qe4 Re5 41. Qc2 Rg5 42. Bd3 Qe7 43. Qd1 Re3 44. Bb1 Rge5 45. Qc2 R5e4 46. g3 Re1 47. Rg1 Rxg1+ 0-1

[Event "SVK-chT4A21 1213"]
[Site "Slovakia"]
[Date "2013.02.17"]
[Round "9.4"]
[White "Sadlon, Matus"]
[Black "Slobodnik, Michal"]
[Result "0-1"]
[WhiteElo "1596"]
[BlackElo "1785"]
[PlyCount "62"]
[EventDate "2012.10.14"]
[EventType "team-tourn"]
[EventRounds "11"]
[EventCountry "SVK"]
[SourceTitle "EXT 2022"]
[Source "ChessBase"]
[SourceDate "2021.10.06"]
[SourceVersion "1"]
[SourceVersionDate "2021.10.06"]
[SourceQuality "1"]
[WhiteTeam "Brezova CVC"]
[BlackTeam "Modranka Komplet Juniors"]
[WhiteTeamCountry "SVK"]
[BlackTeamCountry "SVK"]

1. e4 d6 2. d4 Nf6 3. Nc3 g6 4. f4 Bg7 5. Nf3 0-0 6. Be2 Bg4 7. Be3 c6 8. Qd2 Qc7 9. 0-0-0 Nbd7 10. Rdg1 b5 11. Bd3 Nb6 12. h3 Bd7 13. g4 Nc4 14. Qf2 Nxe3 15. Qxe3 b4 16. Nb1 Rfb8 17. Bc4 d5 18. exd5 Nxd5 19. Bxd5 cxd5 20. a3 Ba4 21. Rg2 a5 22. h4 Rb6 23. Kd1 Re6 24. Qd2 bxa3 25. Nxa3 Re4 26. f5 Qb6 27. b3 Bxb3 28. cxb3 Qxb3+ 29. Nc2 Qxf3+ 30. Kc1 Rxg4 31. Rxg4 Qxh1+ 0-1

[Event "SVK-chT4A21 1213"]
[Site "Slovakia"]
[Date "2013.01.20"]
[Round "7.4"]
[White "Sadlon, Matus"]
[Black "Klimes, Juraj"]
[Result "1-0"]
[WhiteElo "1596"]
[BlackElo "1611"]
[PlyCount "79"]
[EventDate "2012.10.14"]
[EventType "team-tourn"]
[EventRounds "11"]
[EventCountry "SVK"]
[SourceTitle "EXT 2022"]
[Source "ChessBase"]
[SourceDate "2021.10.06"]
[SourceVersion "1"]
[SourceVersionDate "2021.10.06"]
[SourceQuality "1"]
[WhiteTeam "Brezova CVC"]
[BlackTeam "Stefanov"]
[WhiteTeamCountry "SVK"]
[BlackTeamCountry "SVK"]

1. e4 e5 2. Nf3 Nf6 3. Nc3 Nc6 4. Bb5 d6 5. d4 exd4 6. Nxd4 Bd7 7. Nxc6 bxc6 8. Bc4 Be7 9. h3 0-0 10. 0-0 Be6 11. Bb3 Qd7 12. Qf3 Rad8 13. Be3 c5 14. Rfd1 Qc6 15. Rd2 Qb7 16. Nd5 Nxd5 17. exd5 Bd7 18. c4 f5 19. Re2 Bf6 20. Rb1 Qa6 21. Ra1 Ba4 22. Bxa4 Qxa4 23. b3 Qa6 24. Rae1 Rfe8 25. Bc1 Rxe2 26. Rxe2 Qc8 27. Re6 Re8 28. Qxf5 Rxe6 29. dxe6 Qd8 30. Qe4 Qe8 31. f4 Bd4+ 32. Kf1 c6 33. g4 g6 34. f5 gxf5 35. gxf5 Kf8 36. Bg5 Kg7 37. Qg4 h5 38. Qg3 Be5 39. Bf4+ Kf6 40. Qg5# 1-0

[Event "SVK-chT4A21 1213"]
[Site "Slovakia"]
[Date "2012.12.16"]
[Round "5.5"]
[White "Podjavorinsky, Michal"]
[Black "Sadlon, Matus"]
[Result "1/2-1/2"]
[WhiteElo "1681"]
[BlackElo "1596"]
[PlyCount "66"]
[EventDate "2012.10.14"]
[EventType "team-tourn"]
[EventRounds "11"]
[EventCountry "SVK"]
[SourceTitle "EXT 2022"]
[Source "ChessBase"]
[SourceDate "2021.10.06"]
[SourceVersion "1"]
[SourceVersionDate "2021.10.06"]
[SourceQuality "1"]
[WhiteTeam "Vrbove II"]
[BlackTeam "Brezova CVC"]
[WhiteTeamCountry "SVK"]
[BlackTeamCountry "SVK"]

1. d4 Nf6 2. Nc3 d5 3. Bf4 c6 4. Nf3 Bg4 5. e3 e6 6. Be2 Bd6 7. Bg3 Bxg3 8. hxg3 Nbd7 9. Qd2 h6 10. Bd3 Qc7 11. e4 dxe4 12. Nxe4 Nxe4 13. Bxe4 Nf6 14. Bd3 Bxf3 15. gxf3 0-0-0 16. c3 Qd6 17. 0-0-0 Rd7 18. Rhe1 Re8 19. Qc2 Kb8 20. Be4 h5 21. Rh1 Rh8 22. Kb1 Rdd8 23. Rh3 Rh6 24. Rdh1 Rdh8 25. Qc1 Nxe4 26. fxe4 Qe7 27. g4 g6 28. Rf3 R6h7 29. gxh5 gxh5 30. Rfh3 Qf6 31. Qe3 h4 32. Rf3 Qe7 33. Rfh3 Qf6 1/2-1/2

[Event "SVK-chT4A21 1213"]
[Site "Slovakia"]
[Date "2012.11.11"]
[Round "3.4"]
[White "Sadlon, Matus"]
[Black "Trojkova, Michaela"]
[Result "1-0"]
[WhiteElo "1596"]
[BlackElo "1199"]
[PlyCount "147"]
[EventDate "2012.10.14"]
[EventType "team-tourn"]
[EventRounds "11"]
[EventCountry "SVK"]
[SourceTitle "EXT 2022"]
[Source "ChessBase"]
[SourceDate "2021.10.06"]
[SourceVersion "1"]
[SourceVersionDate "2021.10.06"]
[SourceQuality "1"]
[WhiteTeam "Brezova CVC"]
[BlackTeam "Senica CVC II"]
[WhiteTeamCountry "SVK"]
[BlackTeamCountry "SVK"]

1. e4 e5 2. Nf3 Nc6 3. Bb5 d6 4. c3 Nf6 5. d3 Bd7 6. h3 a6 7. Ba4 Be7 8. 0-0 0-0 9. Be3 b5 10. Bc2 d5 11. Nbd2 Be6 12. d4 dxe4 13. Nxe4 exd4 14. Nxd4 Nxd4 15. Bxd4 Nxe4 16. Bxe4 Rc8 17. Qh5 f5 18. Bc2 c5 19. Be5 Bf7 20. Qxf5 Bg6 21. Qe6+ Kh8 22. Bxg6 hxg6 23. Qxg6 Bf6 24. Bxf6 Rxf6 25. Qc2 Qb6 26. Rad1 Rg6 27. Rd5 Qe6 28. Qf5 Qxf5 29. Rxf5 Rd6 30. Rb1 c4 31. Kf1 Re8 32. Rf3 Rd2 33. Re3 Rf8 34. Re2 Rd6 35. Rbe1 Kg8 36. Re8 Rxe8 37. Rxe8+ Kf7 38. Re1 Rd2 39. Rb1 Kf6 40. Ke1 Rc2 41. Rd1 Rxb2 42. Rd6+ Ke5 43. Rxa6 Rc2 44. Ra5 Rxc3 45. Rxb5+ Kd4 46. Rb2 Ra3 47. Ke2 c3 48. Rc2 Ke4 49. g3 Kd4 50. f3 g5 51. h4 gxh4 52. gxh4 Ke5 53. Kd3 Kf5 54. Rxc3 Rxa2 55. Ke3 Ra4 56. Rc5+ Kg6 57. f4 Ra3+ 58. Ke4 Ra4+ 59. Kf3 Ra6 60. Kg4 Kh6 61. Rc8 Rg6+ 62. Kf5 Kh5 63. Rh8+ Rh6 64. Rxh6+ Kxh6 65. Kg4 Kg6 66. h5+ Kf6 67. f5 Kg7 68. Kg5 Kf7 69. h6 Kg8 70. Kg6 Kh8 71. f6 Kg8 72. f7+ Kf8 73. h7 Ke7 74. h8Q 1-0

[Event "SVK-chT3A2 1213"]
[Site "Slovakia"]
[Date "2012.10.21"]
[Round "2.1"]
[White "Hornak, Pavol"]
[Black "Sadlon, Matus"]
[Result "1/2-1/2"]
[WhiteElo "1753"]
[BlackElo "1596"]
[PlyCount "116"]
[EventDate "2012.10.07"]
[EventType "team-tourn"]
[EventRounds "11"]
[EventCountry "SVK"]
[SourceTitle "EXT 2015"]
[Source "ChessBase"]
[SourceDate "2014.11.20"]
[SourceVersion "1"]
[SourceVersionDate "2014.11.20"]
[SourceQuality "1"]
[WhiteTeam "Cifer"]
[BlackTeam "Senica CVC"]
[WhiteTeamCountry "SVK"]
[BlackTeamCountry "SVK"]

1. d4 Nf6 2. c4 g6 3. Nc3 Bg7 4. e4 d6 5. h3 Nbd7 6. Bg5 0-0 7. Bd3 c5 8. d5 Ne5 9. Nge2 Qa5 10. 0-0 Nxd3 11. Qxd3 Bd7 12. f4 Rae8 13. g4 Qc7 14. Rad1 h6 15. Bh4 Nh7 16. Bf2 a6 17. Be3 Rd8 18. Qd2 f5 19. exf5 gxf5 20. g5 b5 21. cxb5 axb5 22. a3 Qa5 23. h4 b4 24. axb4 Qxb4 25. gxh6 Bxh6 26. Qc2 Kh8 27. Kh2 Nf6 28. Bd2 Qb8 29. Ng3 Qc8 30. Rde1 Rf7 31. Nd1 Nxd5 32. Qc4 e6 33. Ne3 Bc6 34. Rc1 Nxe3 35. Bxe3 Bd5 36. Qe2 Rh7 37. Rfd1 Qc6 38. Qd2 Rf8 39. b4 Bg7 40. h5 Bf3 41. Qxd6 Qxd6 42. Rxd6 cxb4 43. Rb1 Bc3 44. Bd4+ Bxd4 45. Rxd4 Rg8 46. Rdxb4 Bxh5 47. Kg2 Rhg7 48. R4b3 Be2 49. Rc3 Bg4 50. Re1 Re7 51. Rce3 Rge8 52. Ne2 Kg7 53. Nd4 Kf6 54. Nc6 Rh7 55. Nd4 Rhe7 56. Nc6 Rh7 57. Nd4 Rhe7 58. Nc6 Rh7 1/2-1/2

[Event "Liptovsky Mikulas CupT U20"]
[Site "Liptovsky Mikulas"]
[Date "2012.06.26"]
[Round "8.3"]
[White "Sadlon, Matus"]
[Black "Terbe, Julianna"]
[Result "0-1"]
[WhiteElo "1589"]
[BlackElo "1862"]
[PlyCount "68"]
[EventDate "2012.06.22"]
[EventType "team-swiss"]
[EventRounds "9"]
[EventCountry "SVK"]
[SourceTitle "CBM 149 Extra"]
[Source "ChessBase"]
[SourceDate "2012.08.24"]
[SourceVersion "1"]
[SourceVersionDate "2012.08.24"]
[SourceQuality "1"]
[WhiteTeam "Sachove nadeje"]
[BlackTeam "Barcza Gedeon"]
[WhiteTeamCountry "SVK"]
[BlackTeamCountry "HUN"]

1. e4 e6 2. d4 d5 3. Nc3 Bb4 4. a3 Bxc3+ 5. bxc3 dxe4 6. Qg4 Nf6 7. Qxg7 Rg8 8. Qh6 Nbd7 9. g3 b6 10. Bg2 Bb7 11. Ne2 Qe7 12. 0-0 0-0-0 13. Bg5 Rg6 14. Bxf6 Nxf6 15. Qd2 Rdg8 16. c4 h5 17. h4 Rg4 18. Qb4 Qxb4 19. axb4 Kb8 20. c3 Nd7 21. Ra2 f5 22. Nf4 e3 23. Nxh5 Bxg2 24. Kxg2 Rxh4 25. Rh1 Rxh1 26. Kxh1 Rh8 27. fxe3 Rxh5+ 28. Kg2 Nf6 29. Kf3 Ne4 30. Rg2 Rg5 31. Kf4 Rg4+ 32. Ke5 Rxg3 33. Rxg3 Nxg3 34. Kxe6 a5 0-1